000 00609nam a22002057a 4500
005 20250116105100.0
010 _aENG-143478
020 _c9789384335342
035 _aEN-127010
037 _bDBAD
082 _a338.954
100 _aManoj K. Singh
_976662
245 _aMake in india;
_bA lion's step to indian economic development/
_cManoj K. Singh
260 _aDelhi
_bMukund publication
270 _bDelhi
_aE-11/5, krishna nagar,
_e110051
300 _a256 p.
_c22 cm
600 _dManoj K. Singh
_976663
700 _aManoj K. Singh
_976612
942 _2ddc
_cEN
_mMan
_h338.954
999 _c208542
_d208542